[Event "It (open)"]
[Site "Durban (South Africa)"]
[Date "1996.??.??"]
[Round "9"]
[White "Kobese Watu (RSA)"]
[Black "Levitt Mark (RSA)"]
[Result "0-1"]
[WhiteElo "2280"]
[BlackElo "2263"]
[Annotator ""]
[Source ""]
[Remark ""]

1.e4 e5 2.Nf3 f5 3.exf5 e4 4.Ne5 Nf6 5.d4 d6 6.Nc4 Bxf5 7.Ne3
Bg6 8.d5 Be7 9.Be2 Nbd7 10.Nd2 c6 11.Nb3 c5 12.a4 Ne5 13.Nd2
O-O 14.Ndf1 Nfd7 15.Ng3 Bh4 16.O-O Kh8 17.a5 a6 18.Bd2 Qe7 19.Ra4
Rf7 20.b3 Raf8 21.Qe1 Bg5 22.Bh5 Bxh5 23.Nxh5 Nf3+ 24.gxf3 Ne5
25.Qe2 exf3 26.Qd1 Bf4 27.Re1 Qh4 28.Rxf4 Rxf4 29.Nxf4 Rxf4 30.Kh1
Qh3 31.Rg1 Rh4 32.Nf1 Ng4 33.Rg3 Nxf2+ 34.Kg1 Nxd1 35.Rxh3 Rxh3
36.Bf4 Nc3 37.Bxd6 Nxd5 38.Bxc5 Rh6 39.Kf2 Rf6 40.Nd2 Kg8 41.Nxf3
h6 42.Ke2 g5 43.Ne5 Re6 44.Bd4 Nb4 45.Kd2 Nc6 46.Nxc6 Rxc6 47.c4
Kf7 48.Kd3 Ke6 49.b4 Rc8 50.b5 Kd7 51.Bb6 Rf8 52.Ke4 Rf4+ 53.Kd5
Rf5+ 54.Ke4 Ke6 55.c5 Rf4+ 56.Kd3 axb5 57.c6 bxc6 58.a6 Ra4 59.a7
Kd7 0-1

[Event "Bayern Landesliga South 1996/97"]
[Site "Germany"]
[Date "1996.??.??"]
[Round "?"]
[White "Xheladini Mahmut (GER)"]
[Black "Pape Joerg (GER)"]
[Result "0-1"]
[WhiteElo "2295"]
[BlackElo "2246"]
[Annotator ""]
[Source ""]
[Remark ""]

1.e4 e5 2.Nf3 f5 3.exf5 e4 4.Nd4 Qf6 5.Qh5+ g6 6.fxg6 hxg6 7.Qd5
Ne7 8.Qc4 c5 9.Nb5 Qc6 10.d4 exd3 11.Bxd3 a6 12.N5c3 d5 13.Qa4
b5 14.Qf4 Nd7 15.O-O Bb7 16.Re1 b4 17.Nd1 O-O-O 18.Qf7 c4 19.Bf1
Nf5 20.Nd2 Bd6 21.Nf3 Nc5 22.g3 Bc7 23.Re7 Nxe7 24.Qxe7 Rde8
25.Qg5 Re4 26.Bg2 d4 27.c3 bxc3 28.bxc3 Ba5 29.Bf4 Rh5 30.Qg4+
Rf5 31.cxd4 Nd3 32.d5 Qf6 33.Rb1 Nxf4 34.gxf4 Rexf4 35.Qh3 Bxd5
36.Ne1 Rh4 37.Qg3 Bc7 38.Qe3 Re5 39.Qc3 Qf4 40.Bxd5 Rxd5 41.Ne3
Rxh2 42.Qb2 Rb5 0-1

[Event "Ch Hungary (team) (3 liga)"]
[Site "Hungary"]
[Date "1996.??.??"]
[Round "?"]
[White "Paal Attila (HUN)"]
[Black "Sinka Istvan (HUN)"]
[Result "1-0"]
[WhiteElo "2214"]
[BlackElo "2300"]
[Annotator ""]
[Source ""]
[Remark ""]

1.e4 e5 2.Nf3 f5 3.exf5 e4 4.Nd4 Nf6 5.Be2 Bc5 6.Nb3 Bb6 7.d3
d5 8.Bh5+ Kf8 9.dxe4 Nxe4 10.O-O Qh4 11.Be3 Bxe3 12.fxe3 Qg5
13.Rf4 Nf6 14.Bf3 Bxf5 15.Bxd5 Bxc2 16.Qd4 Nc6 17.Qc5+ Ne7 18.Bxb7
Qxc5 19.Nxc5 Re8 20.Nc3 Kf7 21.Rc1 Bg6 22.e4 Bh5 23.e5 Ng6 24.e6+
Ke7 25.Rf2 Ne5 26.h3 Rd8 27.Re1 Nd3 28.Nxd3 Rxd3 29.Ne4 Nxe4
30.Rxe4 Rb8 31.Ba6 Rd1+ 32.Kh2 Rb6 33.Bc4 Rb8 34.Bb3 Rd6 35.Rc4
Rc8 36.Rc5 Bg6 37.Rg5 c5 38.Bc4 Rd4 39.b3 Kd6 40.Rg4 Rc7 41.Rgf4
Re7 42.a4 h6 43.Rf7 a5 44.g4 Rd1 45.h4 h5 46.gxh5 Bxh5 47.R2f5
Bg4 48.Rxe7 Kxe7 49.Rxc5 Bxe6 50.Bxe6 Rd2+ 51.Kg1 Kxe6 52.Rxa5
Rd4 53.h5 Kd6 54.Rb5 Kc6 55.Kf2 Rd3 56.Ke2 Rg3 57.Kd2 g6 58.hxg6
Rxg6 59.Kc3 Rg1 60.Rh5 Kb6 61.Rd5 Ka6 62.Rd4 Rg3+ 63.Kc4 Rg5
64.Rd3 Kb7 65.Rd5 Rg4+ 66.Kb5 Rg7 67.b4 Rh7 68.Ka5 Rh6 69.Rd7+
Kb8 70.b5 Rh4 71.b6 Rg4 72.Kb5 Kc8 73.Rc7+ Kb8 74.a5 Rg1 75.a6
Rb1+ 76.Kc6 Rc1+ 77.Kd7 Rd1+ 78.Ke7 Re1+ 79.Kd8 Rd1+ 80.Rd7 Rh1
81.Rg7 Rb1 82.Rg6 Ra1 83.a7+ Kb7 84.Kd7 Rd1+ 85.Rd6 Re1 86.Rh6
Rd1+ 87.Ke6 Re1+ 88.Kd5 Rd1+ 89.Kc5 Rc1+ 90.Kb4 Rg1 91.Rd6 Rg4+
92.Kc5 Rg7 93.Rd8 Rg5+ 94.Kd4 Rg4+ 95.Ke5 Ra4 96.Rb8+ 1-0

[Event "It (open) (final)"]
[Site "Novokuznetsk (Russia)"]
[Date "1997.??.??"]
[Round "?"]
[White "Scherbakov Alexandr (RUS)"]
[Black "Lomakin Dmitriy (RUS)"]
[Result "1-0"]
[WhiteElo "2265"]
[BlackElo "2243"]
[Annotator ""]
[Source ""]
[Remark "X"]

1.e4 e5 2.Nf3 f5 3.exf5 d6 4.Nc3 Nf6 5.d4 e4 6.Nh4 Be7 7.Bg5
O-O 8.g4 e3 9.Bxe3 Nxg4 10.Qxg4 Bxh4 11.Rg1 g6 12.Bc4+ Kh8 13.Be6
Bxe6 14.fxe6 c6 15.Ne4 Na6 16.O-O-O Nc7 17.Bg5 Bxg5+ 18.Nxg5
Qf6 19.Qh3 h5 20.Rg3 Rae8 21.Rdg1 Nxe6 22.Nxe6 Rxe6 23.Rxg6 Re1+
24.Rxe1 Qxg6 25.Qe3 Kh7 26.Kb1 d5 27.a3 Qf5 28.Qg3 Rf7 29.Re5
Qg4 30.Qe3 h4 31.Qd3+ Kg7 32.h3 Qg1+ 33.Ka2 Qxf2 34.Rg5+ Kf8
35.Qg6 Qf6 36.Qg8+ Ke7 37.Re5+ Kd7 38.Qb8 Qd8 39.Qxb7+ Qc7 40.Qa8 1-0

[Event "Olympiad"]
[Site "Elista (Russia)"]
[Date "1998.??.??"]
[Round "5"]
[White "Aikhoje Odion (NGR)"]
[Black "Cueto J (BOL)"]
[Result "1-0"]
[WhiteElo "2285"]
[BlackElo "2350"]
[Annotator ""]
[Source ""]
[Remark "IX-X"]

1.e4 e5 2.Nf3 f5 3.exf5 d6 4.Qe2 Nf6 5.d4 e4 6.Bg5 Be7 7.Bxf6
exf3 8.Qxe7+ Qxe7+ 9.Bxe7 fxg2 10.Bxg2 Kxe7 11.Nc3 c6 12.Be4
d5 13.Bd3 Kf6 14.Rg1 Na6 15.Bxa6 bxa6 16.Na4 Re8+ 17.Kd2 Re4
18.c3 Rh4 19.Rg2 Bxf5 20.f3 Rf4 21.Rf2 g5 22.Nc5 a5 23.b3 Rg8
24.Nb7 g4 25.Rg1 Be4 26.Nxa5 Rxf3 27.Rxf3+ Bxf3 28.Nxc6 Kg5 29.Ke3
Rc8 30.Ne5 Kf5 31.c4 dxc4 32.bxc4 h5 33.Nxf3 gxf3 34.c5 Rc6 35.Rf1
Ra6 36.Rxf3+ Ke6 37.Rf2 Kd5 38.Rf5+ Kc4 39.Rxh5 Ra3+ 40.Ke4 Rxa2
41.Ke5 Re2+ 42.Kd6 Kxd4 43.c6 Rc2 44.c7 1-0

[Event "Ch France (juniors)"]
[Site "France"]
[Date "1998.??.??"]
[Round "8"]
[White "Netzer Jean (FRA)"]
[Black "Beudaert Xavier (FRA)"]
[Result "1-0"]
[WhiteElo "2362"]
[BlackElo "2341"]
[Annotator ""]
[Source ""]
[Remark "IV"]

1.e4 e5 2.Nf3 f5 3.exf5 e4 4.Nd4 Nf6 5.Be2 g6 6.d3 d5 7.dxe4
Nxe4 8.c3 Nc6 9.Be3 Be7 10.Nd2 Nd6 11.fxg6 hxg6 12.N2f3 Ne4 13.Nxc6
bxc6 14.Ne5 Qd6 15.Bd4 Rf8 16.Nxg6 c5 17.Be5 Qe6 18.Nxf8 Qxe5
19.Ng6 Qf5 20.Rf1 Bf6 21.Bh5 Kd8 22.Qe2 Bd7 23.g4 Qe6 24.Nf8
Qb6 25.Nxd7 Kxd7 26.a4 Nxc3 27.Qd2 Qe6+ 28.Qe3 Ne4 29.f3 Bxb2
30.Rd1 Bd4 31.Rxd4 cxd4 32.Qe2 d3 33.Qxd3 Ng3+ 34.Kf2 Nxf1 35.Kxf1
Rb8 36.Bg6 Qd6 37.Qf5+ Kc6 38.Qc2+ Kb7 39.Bf7 c6 40.Bh5 1-0

[Event "Ch Hungary (team) 1998/99 (3 liga)"]
[Site "Hungary"]
[Date "1999.04.25"]
[Round "11"]
[White "Racz Zoltan (HUN)"]
[Black "Furo Janos (HUN)"]
[Result "1-0"]
[WhiteElo "2293"]
[BlackElo "2221"]
[Annotator ""]
[Source ""]
[Remark ""]

1.e4 e5 2.Nf3 f5 3.exf5 e4 4.Qe2 Qe7 5.Nd4 Nf6 6.Nc3 c5 7.Nb3
Nc6 8.a3 d5 9.d3 Bxf5 10.dxe4 dxe4 11.Be3 b6 12.O-O-O Qe5 13.Qb5
Rc8 14.Qa4 a5 15.Bb5 Bd7 16.g3 Qf5 17.Rd2 Kf7 18.Rhd1 Be8 19.Nd5
Nxd5 20.Rxd5 Qg4 21.Rg5 Qf3 22.Nd2 Qg2 23.Qc4+ Ke7 24.Nxe4 Bf7
25.Re5+ Nxe5 26.Bg5# 1-0

[Event "Cup Itau (open)"]
[Site "Sao Paulo (Brazil)"]
[Date "2001.??.??"]
[Round "9"]
[White "Martinez Carlos Alejandro (BRA)"]
[Black "Nogueira Ivan K (BRA)"]
[Result "0-1"]
[WhiteElo "2405"]
[BlackElo "2257"]
[Annotator ""]
[Source ""]
[Remark "X"]

1.e4 e5 2.Nf3 f5 3.exf5 d6 4.d4 e4 5.Qe2 Qe7 6.Ng5 Nf6 7.Nc3
Nc6 8.Ngxe4 Nxd4 9.Nxf6+ gxf6 10.Qxe7+ Bxe7 11.Nb5 Nxc2+ 12.Kd2
Bxf5 13.Nxc7+ Kd7 14.Nxa8 Nxa1 15.Bb5+ Kc8 16.Bd3 Bxd3 17.Kxd3
Kd7 18.Be3 Nb3 19.axb3 Rxa8 20.Ra1 a6 21.Ra4 f5 22.Rf4 Ke6 23.Rf3
h5 24.Rh3 h4 25.g3 hxg3 26.fxg3 Rg8 27.Rh7 b5 28.Rh6+ Kd5 29.Bf4
a5 30.h4 a4 31.h5 Rc8 32.bxa4 bxa4 33.Rg6 Rf8 34.h6 Bf6 35.h7
Bxb2 36.Rg8 Rf7 37.h8Q Bxh8 38.Rxh8 0-1

[Event "Panam U20"]
[Site "La Paz BOL"]
[Date "2002.06.10"]
[Round "5"]
[White "Borda, Alan"]
[Black "Uriarte, Carlos"]
[Result "1-0"]
[WhiteElo "2227"]
[BlackElo "2267"]
[EventDate "2002.06.05"]

1. e4 e5 2. Nf3 f5 3. exf5 e4 4. Nd4 Nf6 5. d3 c5 6. Ne2 d5 7. Ng3 exd3 8.
 Qxd3 Nc6 9. Bg5 Be7 10. Be2 O-O 11. O-O b6 12. Rd1 Bb7 13. Bf3 Ne5 14. 
Qe3 Nxf3+ 15. Qxf3 Qd7 16. Nd2 Kh8 17. Qd3 Rae8 18. Nf3 Bd6 19. Re1 Bxg3 
20. hxg3 Ne4 21. Rad1 Qf7 22. g4 h5 23. Bh4 hxg4 24. Ng5 Qh5 25. Nxe4 Qxh4
26. Nd6 Rxe1+ 27. Rxe1 Bc6 28. Qe3 d4 29. Qe7 Qxe7 30. Rxe7 a5 31. Nf7+ 
Kg8 32. Ne5 Be4 33. Ng6 Bxc2 34. Nxf8 Kxf8 35. Rd7 Bxf5 36. Rb7 Bb1 37. a3
d3 38. Kf1 Bc2 39. Ke1 c4 40. Rxb6 Kf7 41. Kd2 g6 42. Rc6 Bb3 43. Rc5 a4 
44. Rg5 Kf6 45. Rxg4 g5 46. Rd4 Ke5 47. Ke3 Ba2 48. g3 Bb3 49. f4+ gxf4+ 
50. Rxf4 Ba2 51. Kd2 Bb3 52. Rf1 Kd4 53. g4 Bc2 54. g5 Bb3 55. g6 c3+ 56. 
bxc3+ Kc5 57. g7 Be6 58. Rf8 Kc4 59. g8=Q Bxg8 60. Rxg8 Kb3 61. Kxd3 1-0

[Event "16. Open"]
[Site "Ljubljana SLO"]
[Date "2005.07.09"]
[Round "1"]
[White "Kovacevic, Aleksandar"]
[Black "Regancin, Rudi"]
[Result "1-0"]
[WhiteElo "2537"]
[BlackElo "2045"]
[EventDate "2005.07.09"]

1. e4 e5 2. Nf3 f5 3. exf5 e4 4. Qe2 Qe7 5. Nd4 Nf6 6. d3 c5 7. Nb5 d5 8. 
Bf4 Na6 9. Nd6+ Kd8 10. dxe4 Nxe4 11. Nxe4 Qxe4 12. Qxe4 dxe4 13. Nc3 Bxf5
14. O-O-O+ Ke8 15. Nxe4 Bxe4 16. Re1 Nb4 17. Rxe4+ Kf7 18. Bc4+ Kf6 19. g4
b5 20. Bxb5 h5 21. a3 hxg4 22. axb4 Rh3 23. Rhe1 Rf3 24. Be5+ Kg5 25. Rg1 
Rxf2 26. Rexg4+ Kf5 27. Rg5+ 1-0

[Event "3. Open"]
[Site "Plancoet FRA"]
[Date "2003.07.27"]
[Round "2"]
[White "Le Du, Michel"]
[Black "Redon, Bruno"]
[Result "0-1"]
[WhiteElo "2006"]
[BlackElo "2204"]
[EventDate "2003.07.26"]

1. e4 e5 2. Nf3 f5 3. exf5 e4 4. Ne5 Nf6 5. Be2 Bc5 6. O-O O-O 7. d4 Bb6 
8. Bg5 d6 9. Nc4 Bxf5 10. Ne3 Bg6 11. c3 Nc6 12. Nd2 Qd7 13. Ndc4 Rae8 14.
 Nxb6 axb6 15. Bxf6 gxf6 16. Bb5 Qg7 17. Qd2 f5 18. f4 exf3 19. Rxf3 f4 
20. Nf1 Be4 21. Rf2 d5 22. Rd1 Re6 23. g3 Ref6 0-1

[Event "Open"]
[Site "Verona ITA"]
[Date "2007.01.05"]
[Round "4"]
[White "Luciani, Carlo"]
[Black "Faccia, Sergio"]
[Result "1-0"]
[WhiteElo "2257"]
[BlackElo "2050"]
[EventDate "2007.01.03"]

1. e4 e5 2. Nf3 f5 3. exf5 e4 4. Ne5 Nf6 5. Be2 d5 6. Bh5+ Ke7 7. d4 Bxf5 
8. Bg5 g6 9. Bg4 Bxg4 10. Qxg4 Bg7 11. O-O Qd6 12. c4 Nc6 13. Nc3 Ke8 14. 
Bxf6 Bxf6 15. Nxd5 Nxe5 16. Nxf6+ Qxf6 17. Qxe4 Kf7 18. dxe5 Qb6 19. e6+ 
Qxe6 20. Qxb7 Qb6 21. Qd5+ Qe6 22. Qxe6+ Kxe6 23. Rad1 Rab8 24. Rfe1+ Kf6 
25. b3 Rhd8 26. Kf1 a5 27. Rxd8 Rxd8 28. Ke2 a4 29. Rd1 Re8+ 30. Kd2 axb3 
31. axb3 c5 32. Kc3 Ra8 33. Rd6+ Kg7 34. Rc6 Ra5 35. Kd3 Kh6 36. Rb6 Ra2 
37. Ke3 Rb2 38. Rb5 Kg7 39. g4 Kf6 40. h4 Ke6 41. f3 Kd6 42. Kf4 Re2 43. 
Rb7 Rb2 44. Rxh7 Rxb3 45. Rh6 Rb4 46. Rxg6+ Kd7 47. h5 Rxc4+ 48. Ke3 Rc3+ 
49. Ke4 Rc4+ 50. Ke5 Rc3 51. Rf6 c4 52. h6 Rc1 53. Kd4 c3 54. Kd3 Rh1 55. 
Kxc3 Ke7 56. g5 1-0

[Event "Bagirov Mem"]
[Date "2007.08.12"]
[Round "1"]
[White "Abdulyazanov, Malik"]
[Black "Lavrov, Vasily"]
[Result "1-0"]
[BlackElo "2010"]
[EventCountry "RUS"]
[EventDate "2007.08.12"]
[EventRounds "9"]
[PlyCount "56"]
[WhiteElo "2305"]

1. e4 e5 2. Nf3 f5 3. exf5 e4 4. Ne5 Nf6 5. d4 d6 6. Nc4 Bxf5 7. Bg5 Nbd7
8. Ne3 Bg6 9. c4 Be7 10. Nc3 c6 11. Be2 O-O 12. O-O Ne8 13. Bxe7 Qxe7 14. b4 Nc7
15. Qd2 Qg5 16. g3 Rae8 17. Rae1 Bh5 18. Bxh5 Qxh5 19. Ng2 d5 20. cxd5 cxd5
21. Nf4 Qg5 22. h4 Qh6 23. Re2 Nb6 24. Qc1 Qd6 25. a3 Rc8 26. Rc2 Nc4
27. Nxe4 Qd7 28. Nc5 Qf5
1-0